00613cam a2200193 a 4500008004100000020002200041100002000063245009600083260003400179300005500213500002000268650002600288650003700314653002100351700002000372003000100392005001700393040000900410  a0240513843 (pbk.)1 aDavies, Adrian.13aAn introduction to electronic imaging for photographers /cAdrian Davies and Phil Fennessy. aOxford :bFocal Press,c1994. aviii, 131 p., [4] p. of plates :bill. (some col.) aIncludes index. 0aImages, Photographic. 0aPhotographyxDigital techniques.0 aImage processing1 aFennessy, Phil.20230123133243.0 cNUST